Truyện kể dân gian các dân tộc thiểu số miền núi phía Bắc : Diện mạo và giá trị

محفوظ في:
التفاصيل البيبلوغرافية
المؤلف الرئيسي: Nguyễn, Thị Minh Thu
التنسيق: كتاب
اللغة:Undetermined
منشور في: Hà Nội Văn hoá Dân tộc 2019
الموضوعات:
الوسوم: إضافة وسم
لا توجد وسوم, كن أول من يضع وسما على هذه التسجيلة!
Thư viện lưu trữ: Trung tâm Học liệu Trường Đại học Cần Thơ
LEADER 00714nam a2200193Ia 4500
001 CTU_237611
008 210402s9999 xx 000 0 und d
082 |a 398.2095971 
082 |b Th500 
100 |a Nguyễn, Thị Minh Thu 
245 0 |a Truyện kể dân gian các dân tộc thiểu số miền núi phía Bắc : 
245 0 |b Diện mạo và giá trị 
245 0 |c Nguyễn Thị Minh Thu 
260 |a Hà Nội 
260 |b Văn hoá Dân tộc 
260 |c 2019 
650 |a Văn học dân gian Việt Nam,Văn học dân gian, Việt Nam,Folk literature, Vietnamese 
910 |b dqhieu 
980 |a Trung tâm Học liệu Trường Đại học Cần Thơ